| 000 | 00854nam a22002177a 4500 | ||
|---|---|---|---|
| 005 | 20180612114736.0 | ||
| 010 | _a1718EN-30 ENG-121908 B-687587-619 | ||
| 020 |
_a9789381159286 _c325.00 |
||
| 035 | _aB-687587-619 | ||
| 035 | _aEN-105440 | ||
| 037 |
_bLuxmi Publications _adpl |
||
| 082 | _a485 | ||
| 100 | _aNair, K.A. Viswanathan | ||
| 245 |
_aEnglish grammar without tears / _cby K.A. Viswanathan Nair [and] Chandrika A. |
||
| 260 |
_c2017 _aNew Delhi _bTrinity Press |
||
| 270 |
_a113, Golden House, Ansari Road, Darya Ganj, _bNew Delhi _e110002 |
||
| 300 |
_c23cm(pbk) _ax,467p. |
||
| 700 | _aA. Chandrika | ||
| 942 |
_cEN _2ddc _mNAI _h485 |
||
| 999 |
_c146107 _d146107 |
||